000 00355nam a22001337a 4500
999 _c145948
_d145948
082 _aM2
_bKRI/E
100 _aKrishnan Kutty Veloor
245 _aEe number nilavililla/
_cby Krishnan Kutty Veloor.
260 _a
_bK S Vinodkumar,
_c1994.
650 _aDrama Literature Malayalam
650 _aLiterature Malayalam
650 _aLiterature
942 _cBK